00686nam a2200157 a 450000100100000000500170001000800410002704000250006808200150009310000360010824500940014426000730023830000280031195201720033999900170051100004582620201002052451.0150518s1999 dr a 000 0 spa d aDO-SdBNPbspacBNPHU axxxxbxxxx1 aAracena Disla, Mercesdes97390310aTiempo para crecer :bvivencias que nos invitan a reflexionar /cMercesdes Aracena Disla. aSan Francisco de Macorís, República Dominicana :bTiempo,c1999. a145 p. :bil. ;c21 cm. 0010718PDaPDbPDcCTd2015-05-18iLF1l0oxxxx xxxxp45826-10r2020-06-25w2020-06-25yLFPDzPerteneció a la biblioteca personal de Erick Landestoy.ZNo se presta c45315d45315